| 000 | 00764nas a2200229 4500 | ||
|---|---|---|---|
| 001 | BR0800328 | ||
| 003 | BR-BrBNA | ||
| 005 | 20231205111448.0 | ||
| 007 | ta | ||
| 008 | 230509b bl.|||p| |||| 00| 00por d | ||
| 040 |
_aBR-BrBNA _bpor _cBiblioteca Nacional de Agricultura |
||
| 041 | _a(Pt) | ||
| 072 | _aL70; L73 | ||
| 100 | 1 | _aRibeiro, M. G. | |
| 100 | 1 | _aSchmidt, E.M. dos S. | |
| 245 | 1 | _aRelato do uso de cicatrizante à base de sulfadiazina de prata 1 por cento micronizada em eqüinos | |
| 650 | _aCAVALO | ||
| 650 | _aCICATRIZAÇÃO | ||
| 773 | 0 |
_tArquivos de Ciências Veterinárias e Zoologia da UNIPAR (Brazil) _xISSN 1415-8167 _g(Aug-Dec 2000), v. 3(2) p. 179-184 _wBR0800328 |
|
| 909 |
_a202311 _bLúcia _c55 _dLúcia Elande |
||
| 942 |
_2AGRIS _n0 _cANA |
||
| 999 |
_c192864 _d192864 |
||